The Persian night : (Record no. 15182)

000 -LEADER
fixed length control field 01936cam a22003014a 4500
001 - CONTROL NUMBER
control field 15403045
005 - DATE AND TIME OF LATEST TRANSACTION
control field 20170105102912.0
008 - FIXED-LENGTH DATA ELEMENTS--GENERAL INFORMATION
fixed length control field 080807s2009 nyu b 001 0 eng
010 ## - LIBRARY OF CONGRESS CONTROL NUMBER
LC control number 2008035220
020 ## - INTERNATIONAL STANDARD BOOK NUMBER
International Standard Book Number 9781594032400 (hardcover : alk. paper)
020 ## - INTERNATIONAL STANDARD BOOK NUMBER
International Standard Book Number 1594032408 (hardcover : alk. paper)
040 ## - CATALOGING SOURCE
Original cataloging agency DLC
Transcribing agency DLC
Modifying agency DLC
043 ## - GEOGRAPHIC AREA CODE
Geographic area code a-ir---
050 00 - LIBRARY OF CONGRESS CALL NUMBER
Classification number DS318.825
Item number .T34 2009
082 00 - DEWEY DECIMAL CLASSIFICATION NUMBER
Classification number 955.05/4
Edition number 22
100 1# - MAIN ENTRY--PERSONAL NAME
Personal name Taheri, Amir.
245 14 - TITLE STATEMENT
Title The Persian night :
Remainder of title Iran under the Khomeinist revolution /
Statement of responsibility, etc. Amir Taheri.
260 ## - PUBLICATION, DISTRIBUTION, ETC.
Place of publication, distribution, etc. New York :
Name of publisher, distributor, etc. Encounter Books,
Date of publication, distribution, etc. c2009.
300 ## - PHYSICAL DESCRIPTION
Extent ix, 413 p. ;
Dimensions 24 cm.
504 ## - BIBLIOGRAPHY, ETC. NOTE
Bibliography, etc. note Includes bibliographical references and index.
505 0# - FORMATTED CONTENTS NOTE
Formatted contents note The world's number one power -- The haven of jihad -- The focus of the universe -- The triple oxymoron -- Democracy as enemy -- Iran and anti-Iran -- Unwelcome faith -- A strange beast -- The feeble ones -- The prophet and women -- The eternal conspirator -- Esther and the king -- The great satan -- Five days in August -- A universal ideology -- Sunrise power against sunset power -- Crazy Eddie and Martyr Hussein -- West stricken, Arab stricken -- State or revolution -- Six centers of power -- Six rival centers of power -- Power points in a no-man's land -- The nail of the Imam -- We can! -- A case of national schizophrenia -- Pre-emptive war or pre-emptive surrender? -- Conditions for regime change -- Repression and resistance -- The ethnic time bomb -- A heaving volcano.
651 #0 - SUBJECT ADDED ENTRY--GEOGRAPHIC NAME
Geographic name Iran
General subdivision Politics and government
Chronological subdivision 1979-1997.
651 #0 - SUBJECT ADDED ENTRY--GEOGRAPHIC NAME
Geographic name Iran
General subdivision Politics and government
Chronological subdivision 1997-
856 41 - ELECTRONIC LOCATION AND ACCESS
Materials specified Table of contents only
Uniform Resource Identifier <a href="http://www.loc.gov/catdir/toc/ecip0825/2008035220.html">http://www.loc.gov/catdir/toc/ecip0825/2008035220.html</a>
906 ## - LOCAL DATA ELEMENT F, LDF (RLIN)
a 7
b cbc
c orignew
d 1
e ecip
f 20
g y-gencatlg
942 ## - ADDED ENTRY ELEMENTS (KOHA)
Source of classification or shelving scheme
Koha item type Book
Holdings
Withdrawn status Lost status Damaged status Not for loan Collection code Permanent Location Current Location Shelving location Date acquired Total Checkouts Full call number Barcode Date last seen Price effective from Koha item type
          Centre for International Peace & Stability (CIPS) Centre for International Peace & Stability (CIPS) General Stacks 09/27/2013   955.054 TAH 2010 CIPS0001589 11/07/2013 11/07/2013 Book
© 2023 Central Library, National University of Sciences and Technology. All Rights Reserved.